PAL Airlines (Provincial) Fleet - Statistics

General Stats
  • This quiz has been taken 9 times
  • The average score is 2 of 5
Answer Stats
Hint Answer % Correct
PAL Dash 8-Q400
100%
PAL Dash 8-300
50%
EVAS Beech 1900D
33%
PAL Dash 8-100
33%
AIR BOREALIS Twin Otter
17%
No matching quizzes found
Score Distribution
Percent of People with Each Score
Percentile by Number Answered
Your Score History
You have not taken this quiz